[Event "Pescara Weekend op 2nd"]
[Site "Pescara"]
[Date "2007.09.16"]
[Round "6"]
[White "Cataldi, Cristiano"]
[Black "Cecamore, Antonino"]
[Result "1-0"]
[WhiteElo "1565"]
[BlackElo "1518"]
[PlyCount "50"]
[EventDate "2007.09.07"]
[EventType "swiss"]
[EventRounds "6"]
[EventCountry "ITA"]
[SourceTitle "EXT 2010"]
[Source "ChessBase"]
[SourceDate "2010.11.25"]
[SourceVersion "1"]
[SourceVersionDate "2010.11.25"]
[SourceQuality "1"]

1. e4 Nc6 2. d4 d5 3. exd5 Qxd5 4. Nf3 Bg4 5. Nc3 Qa5 6. Bb5 e6 7. Bd2 Bb4 8. Bxc6+ bxc6 9. a3 Bxc3 10. Bxc3 Qh5 11. d5 Bxf3 12. Qxf3 Qxf3 13. gxf3 Nf6 14. dxc6 Rd8 15. Rg1 Kf8 16. Bb4+ Kg8 17. Be7 Rd6 18. Bxf6 g6 19. Bxh8 Kxh8 20. Rd1 Rxc6 21. c3 f5 22. Rd7 Rb6 23. b4 Ra6 24. Ke2 Rxa3 25. Rxc7 f4 1-0